Migraciones Internas: análisis censal /
Guardat en:
| Autor principal: | |
|---|---|
| Autor corporatiu: | , |
| Format: | Text |
| Publicat: |
Heredia:
IDESPO
|
| Etiquetes: |
Afegir etiqueta
Sense etiquetes, Sigues el primer a etiquetar aquest registre!
|
MARC
| LEADER | 00000 a a2200000 04500 | ||
|---|---|---|---|
| 001 | 25773 | ||
| 003 | |||
| 040 | |||
| 090 | |a 173900 | ||
| 100 | |a Varela Jara, Julio | ||
| 110 | |a Universidad Nacional. Facultad de Ciencias Sociales. Instituto de Estudios Sociales en Población | ||
| 245 | |a Migraciones Internas: análisis censal / |c Universidad Nacional. Facultad de Ciencias Sociales. Instituto de Estudios Sociales en Población | ||
| 260 | |a Heredia: |b IDESPO | ||
| 300 | |a 122 p. |b **no definido** |b map. | ||
| 710 | |a IDESPO | ||
| 999 | |c 8892 |d 8892 | ||
